| 000 | 00850nam a2200277Ia 4500 | ||
|---|---|---|---|
| 003 | OSt | ||
| 005 | 20220928124319.0 | ||
| 006 | a|||||r|||| 00| 0 | ||
| 007 | ta | ||
| 008 | 220927b |||||||| |||| 00| 0 eng d | ||
| 020 | _c6761.6199999999999 | ||
| 024 | _a128705 | ||
| 037 |
_b232, 15/03/2016, N.R.Book Distributors _cTextual |
||
| 040 |
_aSDCL _cSDCL _beng |
||
| 041 |
_2eng _aeng |
||
| 082 | _aE9G0aI, Q5;2 | ||
| 100 | _aBuchanan Bob B. Ed. | ||
| 245 | 0 | _aBiochemistry and molecular biology of plants | |
| 250 | _a2nd | ||
| 260 |
_aChichester _bWiley _c2015 |
||
| 300 |
_axv;1264p _ccm. |
||
| 650 |
_aPlant Molecular _9392112 |
||
| 700 | _a Gruissem Wilhelm Ed. | ||
| 942 |
_hE9G0aI, Q5;2 _cTEXL _2CC |
||
| 999 |
_c777240 _d777240 |
||